000 00524nam a2200193Ia 4500
005 20250923150011.0
008 008 250917s9999 xx 000 0 eng d
037 _aReference
040 _aDSWL
_beng
_cDSWL
041 _aeng
_2eng
084 _qDSWL
245 0 _aReferencer for Central Government Employees 1999
_c by Nabhi Publication
260 _aNew Delhi
_bNabhi Publication
_c1999
300 _axxxix,456,78 p.
365 _aINR
_b125.00
925 _g125.00
942 _cREF
999 _c1458358
_d1458358